Improving productivity in African public services : senior policy workshop (Record no. 76440)

MARC details
000 -LEADER
fixed length control field 00967nam a2200169 a 4500
008 - FIXED-LENGTH DATA ELEMENTS--GENERAL INFORMATION
fixed length control field 120416s1992 ||||||||||||||||| || u
050 ## - LIBRARY OF CONGRESS CALL NUMBER
Classification number UN-ECA(02)
110 ## - MAIN ENTRY--CORPORATE NAME
Corporate name or jurisdiction name as entry element United Nations Economic Commission For Africa(UNECA)
245 10 - TITLE STATEMENT
Title Improving productivity in African public services : senior policy workshop
Statement of responsibility, etc. by United Nations Economic Commission for Africa (UN-ECA)
260 ## - PUBLICATION, DISTRIBUTION, ETC.
Place of publication, distribution, etc. Addis Ababa :
Name of publisher, distributor, etc. UNITED NATIONS ECONOMIC COMMISSION FOR AFRICA(UNECA)
Date of publication, distribution, etc. 1992
300 ## - PHYSICAL DESCRIPTION
Extent 35 pages
350 ## -
-- 0.00
650 ## - SUBJECT ADDED ENTRY--TOPICAL TERM
Topical term or geographic name entry element CIVIL SERVICE--LABOUR PRODUCTIVITY--AFRICA--CONGRESSES
650 ## - SUBJECT ADDED ENTRY--TOPICAL TERM
Topical term or geographic name entry element GOVERNMENT PRODUCTIVITY--AFRICA--CONGRESSES
995 ## -
-- SPECIAL COLLECTIONS
-- 0.00
-- 03005974
-- CBU-MAIN LIBRARY (Kitwe)
-- 1
-- 0.00
-- UN-ECA(02)1991/ 3A
-- 1
-- AVAILABLE
-- Feb 26, 2010
-- 03005974
-- International Publications
995 ## -
-- SPECIAL COLLECTIONS
-- 0.00
-- 03006690
-- CBU-MAIN LIBRARY (Kitwe)
-- 1
-- 0.00
-- UN-ECA(02)1991/ 3B
-- 2
-- AVAILABLE
-- Jun 28, 2010
-- 03006690
-- International Publications
999 ## -
-- 76440
-- 76440
Holdings
Withdrawn status Lost status Source of classification or shelving scheme Damaged status Not for loan Permanent Location Current Location Shelving location Date acquired Total Checkouts Full call number Barcode Date last seen Copy number Price effective from Koha item type
          CBU-MAIN LIBRARY, KITWE. CBU-MAIN LIBRARY, KITWE.   04/25/2023   UN-ECA(02)1991/ 3A 03005974 04/25/2023 1 04/25/2023 SPECIAL COLLECTION
          CBU-MAIN LIBRARY, KITWE. CBU-MAIN LIBRARY, KITWE.   04/25/2023   UN-ECA(02)1991/ 3B 03006690 04/25/2023 2 04/25/2023 SPECIAL COLLECTION